| 000 | 00636cam a2200241 4500500 | ||
|---|---|---|---|
| 005 | 20260405001456.0 | ||
| 041 | _afre | ||
| 042 | _adc | ||
| 100 | 1 | 0 |
_aDuru, Martin _eauthor |
| 245 | 0 | 0 | _aNdoki |
| 260 | _c2013. | ||
| 500 | _a87 | ||
| 690 | _aAfrique | ||
| 690 | _aAzandé | ||
| 690 | _aCongo | ||
| 690 | _aEvans-Pritchard | ||
| 690 | _aNdoki | ||
| 690 | _aSorcellerie | ||
| 690 | _aSorciers | ||
| 690 | _aTobie Nathan | ||
| 786 | 0 | _nPhilosophie magazine | 68 | 4 | 2013-04-01 | p. 46-46 | 1951-1787 | |
| 856 | 4 | 1 | _uhttps://shs.cairn.info/magazine-philosophie-magazine-2013-4-page-46?lang=fr&redirect-ssocas=7080 |
| 999 |
_c2048076 _d2048076 |
||